Mạch dao động RC
সংরক্ষণ করুন:
| প্রধান লেখক: | |
|---|---|
| বিন্যাস: | গ্রন্থ |
| ভাষা: | Undetermined |
| প্রকাশিত: |
Cần Thơ
Viện Đại Học Cần Thơ - Đại Học Khoa Học - Ban Khoa Học ứng Dụng
1974
|
| বিষয়গুলি: | |
| ট্যাগগুলো: |
ট্যাগ যুক্ত করুন
কোনো ট্যাগ নেই, প্রথমজন হিসাবে ট্যাগ করুন!
|
| Thư viện lưu trữ: | Trung tâm Học liệu Trường Đại học Cần Thơ |
|---|
| LEADER | 00642nam a2200181Ia 4500 | ||
|---|---|---|---|
| 001 | CTU_33871 | ||
| 008 | 210402s9999 xx 000 0 und d | ||
| 082 | |a 621.381 | ||
| 082 | |b H513 | ||
| 100 | |a Nguyễn Viết Hùng | ||
| 245 | 0 | |a Mạch dao động RC | |
| 245 | 0 | |c Nguyễn Viết Hùng, Nguyễn Văn Tính | |
| 260 | |a Cần Thơ | ||
| 260 | |b Viện Đại Học Cần Thơ - Đại Học Khoa Học - Ban Khoa Học ứng Dụng | ||
| 260 | |c 1974 | ||
| 650 | |a electric circuits,electronics,semiconductors,transistor | ||
| 904 | |i Minh, 991112 | ||
| 980 | |a Trung tâm Học liệu Trường Đại học Cần Thơ | ||